Vista normal
Vista MARC
Entrada Materia (personas)
Número de registros utilizados en: 3
001 - CONTROL NUMBER
- control field: 38823
003 - CONTROL NUMBER IDENTIFIER
- control field: Co-BoUCM
005 - DATE AND TIME OF LATEST TRANSACTION
- control field: 20130606114010.0
008 - FIXED-LENGTH DATA ELEMENTS
- fixed length control field: 130606|| aca||aabn | a|a d
040 ## - CATALOGING SOURCE
- Original cataloging agency: Co-BoUCM
- Transcribing agency: Co-BoUCM
100 ## - HEADING--PERSONAL NAME
- Personal name: Moser, Caroline O. N.
670 ## - SOURCE DATA FOUND
- Source citation: Work cat.: (Co-BoUCM)166581: Moser, Caroline O. N., Ordinary families, extraordinary lives, 2009